| 000 | 02004nam0a2200433 4500 | ||
|---|---|---|---|
| 001 | RU\NLR\bibl\252650 | ||
| 005 | 20260405233504.0 | ||
| 010 |
_a5-93919-004-9 _9300 |
||
| 021 |
_aRU _b2001-58423 _92842 |
||
| 035 | _a(NLR Aleph) 000248443 | ||
| 090 |
_a1449228 _c1449228 |
||
| 100 | _a20020320d2001 |||y0rusy50 ca | ||
| 101 | 0 | _arus | |
| 102 | _aRU | ||
| 105 | _ay ||||||||| | ||
| 200 | 1 |
_aИнститут омбудсмена в современном мире _fА.Н. Соколов, К.Б. Трумпель, Е.С. Смирнова _gМ-во внутр. дел Рос. Федерации, Калинингр. юрид. ин-т |
|
| 210 |
_aКалининград _cКЮИ _d2001 |
||
| 215 |
_a150 с. _d20 |
||
| 320 | _aБиблиогр.: с. 144-147 | ||
| 320 | _aБиблиогр. в прим.: с. 148-149 | ||
| 601 | 0 | 1 |
_aРоссийская Федерация _bУполномоченный по правам человека _92125695 _3RU\NLR\AUTH\661283101 |
| 606 | 0 |
_aУполномоченный по правам человека _xСравнительно-правовые исследования _91709689 _3RU\NLR\auth\661059528 |
|
| 610 | 0 | _aОмбудсмен (юрид.) | |
| 675 |
_a341.231.14 _v3 _zrus |
||
| 686 |
_a10.87 _2rugasnti |
||
| 686 |
_a67.412.1 _2rubbk |
||
| 686 | _aХ620.32 | ||
| 686 | _aХ99 | ||
| 700 | 1 |
_4070 _7ca _8rus _aСоколов _bА. Н. _cд-р юрид. наук _f1935- _gАльфред Нилович _94718 _3RU\NLR\auth\7721657 |
|
| 701 | 1 |
_aТрумпель _bК. Б. _gКонстантин Богуславович _4070 |
|
| 701 | 1 |
_4070 _7ca _8rus _aСмирнова _bЕ. С. _cканд. юрид. наук _gЕлена Станиславовна _990123 _3RU\NLR\auth\77107198 |
|
| 801 | 0 |
_aRU _bRKP _c20020320 _gPSBO |
|
| 801 | 1 |
_aRU _bRKP _c20020320 |
|
| 801 | 2 |
_aRU _bNLR _c20120117 _grcr |
|
| 942 | _cBOOK | ||
| 980 | _aNB | ||
| 980 | _aNBR | ||